000 00592nam a2200229Ia 4500
003 OSt
005 20221005121622.0
006 a|||||r|||| 00| 0
007 ta
008 221004b |||||||| |||| 00| 0 eng d
024 _a52474
037 _cTextual
040 _aCRL
_cCRL
_beng
041 _2eng
_aeng
082 _aQ6:6v1:D, C8
100 _aCheetham S.
_9630866
245 0 _aHistory of the christian church during the first six centuries
260 _c1898
650 _aRELIGION
942 _hQ6:6v1:D, C8
_cTEXL
_2cc
999 _c1041742
_d1041742